| 000 | 00453nam a2200157Ia 4500 | ||
|---|---|---|---|
| 008 | 221030s9999 xx 000 0 und d | ||
| 020 | _a817808001X | ||
| 041 | _aEnglish | ||
| 082 |
_a105.23 _bVal |
||
| 100 | _aT. Valesky | ||
| 245 | 0 |
_aEnterprise JavaBeans Developing Component Based Distributed Applications ( DEPARTMENTAL ) _cby T. Valesky |
|
| 260 |
_bAddison Wesley _aNew Delhi _c2001 |
||
| 300 | _a324 | ||
| 650 | _aCSE Departmental | ||
| 942 | _cBK | ||
| 999 |
_c6850 _d6850 |
||